000 00540nam a22001937a 4500
005 20251108165531.0
008 250721s1988 xx 000 0 ara d
082 1 4 _a801.953/بار
100 1 _aبارت، رولان
245 1 0 _aالنقد البنيوي للحكاية /
264 1 _aبيروت :
_c1988.
300 _a150ص
650 1 7 _aالروايات
650 1 7 _aالنقد الأدبي
650 1 7 _aالأدب القصصي
700 1 _aأبو زيد، أنطوان
_eترجمة
942 _2ddc
_cBK
999 _c30160
_d30160